Famous People Named Judge - Statistics

General Stats
  • This quiz has been taken 202 times
    89 since last reset
  • The average score is 4 of 8
Answer Stats
Life Hint Person % Correct
1942– American arbitration-based reality court show judge Judge Judy
93%
1957– Actor in Fast Times at Ridgemont High Judge Reinhold
54%
Fictional "Street judge" who arrests, convicts, and executes criminals Judge Dredd
50%
1962– Creator of Beavis and Butthead Mike Judge
50%
1992– Set the AL record for most home runs (62) in a season Aaron Judge
44%
1919–2017 First judge to preside over court show The People's Court Judge Wapner
31%
Fictional Antagonist in Who Framed Roger Rabbit? Judge {Doom}
30%
1773–1848 Slave who was Martha Washington's servant {Oney} Judge
4%
No matching quizzes found
Score Distribution
Percent of People with Each Score
Percentile by Number Answered
Your Score History
You have not taken this quiz since the last reset